[Event "9. Korbacher Open 2017"]
[Site "Korbach"]
[Date "2017.10.20"]
[Round "2"]
[White "Meyer, Marcel"]
[Black "Koellner, Christof"]
[Result "0-1"]
[WhiteElo "1740"]
[BlackElo "2073"]
[Annotator "NA RC"]
[PlyCount "64"]
[EventDate "2017.??.??"]
[EventType "swiss"]
[EventCountry "GER"]
[SourceTitle "playchess.com"]
[Source "ChessBase"]
[SourceQuality "1"]
[TimeControl "40/5400+30:1800+30"]

{[%evp 8,64,34,0,52,37,42,26,36,0,52,71,54,10,39,-3,0,-34,-26,-29,-17,-52,-38,-43,0,32767,32767,32767,-54,-123,-17,-50,-15,-23,-16,-22,-24,-35,-18,-38,-29,-24,-25,-55,-16,-1,-4,-97,-6,0,4,8,7,12,12,-436,-441,-431,-516]} 1. e4 {[%emt 0:00:00]} c5 {[%emt 0:01:14]} 2. Nf3 {[%emt 0:00:21]} e6 {[%emt 0:00:05]} 3. d4 {[%emt 0:00:34]} cxd4 {[%emt 0:00:03]} 4. Nxd4 {[%emt 0:00:11]} Nc6 {[%emt 0:00:02]} 5. Nc3 {[%emt 0:01:09]} Qc7 {[%emt 0:00:35]} 6. Be3 {[%emt 0:02:51]} a6 {[%emt 0:00:13]} 7. Qd2 {[%emt 0:01:59]} Nf6 {[%emt 0:00:18]} 8. f3 {[%emt 0:00:31]} Bb4 {[%emt 0:01:13]} 9. a3 {[%emt 0:01:50]} Be7 {[%emt 0:01:36] LiveBook: 60 Games} 10. Be2 {[%emt 0:03:29] B48: Sicilian: Taimanov: 5 Nc3 Qc7 6 Be3 a6 without Be2} (10. g4 O-O 11. h4 b5 12. h5 Nxh5 13. gxh5 Bb7 14. Nxc6 {1-0 (14) Tazbir,M (2552)-Papin,V (2570) Guimaraes 2012}) 10... Ne5 {[%emt 0:03:51]} 11. O-O {[%emt 0:05:25]} ({White should try} 11. O-O-O $14) 11... b5 {[%emt 0:04:23]} 12. Rfd1 $146 {[%emt 0:08:34]} ({Predecessor:} 12. b4 Bb7 13. Nd1 Rc8 14. Rc1 d5 15. exd5 Bxd5 16. c3 O-O 17. Nb2 Rfd8 {0-1 (27) Marasli,T-Djukic,S Artek 2000}) 12... O-O {[%emt 0:02:38]} 13. Qe1 {[%emt 0:10:32]} Bb7 {[%emt 0:07:18]} 14. Qf1 {[%emt 0:05:35]} Bc5 {[%emt 0:04:05]} 15. Bf2 {[%emt 0:06:35]} d5 {[%emt 0:12:47]} 16. exd5 {[%emt 0:02:34]} Nxd5 {[%emt 0:06:05]} 17. Ne4 {[%emt 0:05:12]} Bb6 {[%emt 0:07:03]} 18. Rac1 {[%emt 0:05:37]} ({White should play} 18. Kh1 $15) 18... Qe7 {[%emt 0:08:00]} (18... Nf4 $17 19. Bg3 Neg6) 19. c4 {[%emt 0:03:01]} Nxc4 {[%emt 0:04:02]} 20. Bxc4 {[%emt 0:01:09]} bxc4 {[%emt 0:00:17]} 21. Rxc4 {[%emt 0:01:40]} Rac8 {[%emt 0:08:40]} 22. Rdc1 {[%emt 0:02:44]} Rxc4 {[%emt 0:00:59]} 23. Rxc4 {[%emt 0:00:22]} f5 {[%emt 0:02:59]} 24. Nc3 $1 {[%emt 0:03:14]} Nxc3 {[%emt 0:06:16]} 25. Rxc3 {[%emt 0:02:23]} Qd6 {[%emt 0:01:25]} 26. Nb3 {[%emt 0:01:50]} Rd8 {[%emt 0:03:10]} 27. Rc2 {[%emt 0:04:24]} (27. Bc5 $11) 27... Bc7 {[%emt 0:02:54]} (27... Bxf2+ $17 28. Kxf2 Bd5) 28. Bg3 {[%emt 0:02:01]} Qb6+ {[%emt 0:01:45]} 29. Nc5 {[%emt 0:01:03]} Bxg3 {[%emt 0:02:49]} 30. hxg3 {[%emt 0:00:26]} a5 {[%emt 0:00:57]} 31. Qf2 $2 {[%emt 0:02:21]} (31. Qe1 $11 {and White has nothing to worry.}) 31... Rd1+ {[%emt 0:01:04]} 32. Kh2 {[%emt 0:00:11] [#]} e5 $19 {[%emt 0:00:19]} 0-1

[Event "9. Korbacher Open 2017"]
[Site "Korbach"]
[Date "2017.10.20"]
[Round "2"]
[White "Boehme, Jonas"]
[Black "Nemetz, Markus"]
[Result "1/2-1/2"]
[WhiteElo "1675"]
[BlackElo "1951"]
[Annotator "NA RC"]
[PlyCount "122"]
[EventDate "2017.??.??"]
[EventType "swiss"]
[EventCountry "GER"]
[SourceTitle "playchess.com"]
[Source "ChessBase"]
[SourceQuality "1"]
[TimeControl "40/5400+30:1800+30"]

{[%evp 8,122,31,29,22,21,50,32767,0,0,-9,0,13,4,11,6,11,-15,-19,-37,-32,-37,-2,-79,-73,-71,-68,-70,-79,32767,32767,32767,-70,32767,32767,-77,32767,32767,32767,-70,-68,-124,-131,-114,-128,-140,-111,-177,-152,-161,-159,-145,-156,-158,-167,-177,-186,-218,-233,-248,-248,-302,-189,-437,166,188,173,206,163,233,416,453,483,227,224,357,264,359,228,252,260,404,261,437,146,529,535,540,363,0,0,0,0,0,0,0,0,0,0,0,0,0,0,0,0,0,0,0,0,0,0,0,0,0,0,0,0]} 1. e4 {[%emt 0:08:31]} c5 {[%emt 0:00:07]} 2. Nf3 {[%emt 0:00:04]} d6 {[%emt 0:00:06]} 3. d4 {[%emt 0:00:01]} cxd4 {[%emt 0:00:12]} 4. Nxd4 {[%emt 0:00:02]} Nf6 {[%emt 0:00:10]} 5. Nc3 {[%emt 0:00:04]} a6 {[%emt 0:00:08]} 6. Be3 {[%emt 0:00:02]} Ng4 {[%emt 0:00:47] LiveBook: 2509 Partien} 7. Qd2 {[%emt 0:01:19]} Nxe3 {[%emt 0:01:33] B90: Sicilian Najdorf: Unusual White 6th moves, 6 Be3 Ng4 and 6 Be3 e5} 8. Qxe3 {[%emt 0:00:05]} e6 {[%emt 0:01:06]} (8... g6 9. O-O-O Bg7 10. h4 Nc6 11. Nb3 h5 12. Kb1 Ne5 13. Be2 b5 14. f4 Nc4 15. Bxc4 bxc4 {1-0 (39) Nisipeanu,L (2681)-Khismatullin,D (2651) Rijeka 2010}) 9. f4 {[%emt 0:02:16]} Qc7 {[%emt 0:10:28]} 10. O-O-O {[%emt 0:07:56]} Be7 {[%emt 0:04:24]} 11. h4 $146 {[%emt 0:06:06]} ({Predecessor:} 11. Kb1 O-O 12. g4 b5 13. f5 Nc6 14. h4 Nxd4 15. Qxd4 {0-1 (30) Donghvani,N (1444)-Petrenko,S (2207) Kutansi 2015}) 11... Nc6 {[%emt 0:07:22]} 12. h5 {[%emt 0:02:58]} h6 {[%emt 0:01:53]} 13. Bd3 {[%emt 0:08:36]} Nxd4 {[%emt 0:10:17]} 14. Qxd4 {[%emt 0:00:23]} Bf6 {[%emt 0:00:30]} 15. Qa4+ {[%emt 0:01:05]} Bd7 {[%emt 0:09:14]} 16. Bb5 {[%emt 0:00:41]} Bxc3 {[%emt 0:01:04]} 17. Bxd7+ {[%emt 0:00:03]} Qxd7 {[%emt 0:00:09]} 18. Qxd7+ {[%emt 0:00:16]} Kxd7 {[%emt 0:00:01]} 19. bxc3 {[%emt 0:00:12]} Rac8 {[%emt 0:00:29]} 20. Rh3 {[%emt 0:01:47]} Ke7 {[%emt 0:03:54]} 21. Rg3 {[%emt 0:00:32]} Rhg8 {[%emt 0:00:14]} 22. Rgd3 {[%emt 0:03:28]} Rgd8 {[%emt 0:01:37]} 23. Rg3 {[%emt 0:01:02]} Rc5 {[%emt 0:05:10]} 24. Rh3 {[%emt 0:04:50]} Rdc8 {[%emt 0:04:01]} 25. Kb2 {[%emt 0:05:00]} Rb5+ {[%emt 0:05:14]} 26. Ka1 {[%emt 0:00:06]} Rcc5 {[%emt 0:03:52]} 27. g4 {[%emt 0:00:30]} (27. Rhd3 $17) 27... Rc4 {[%emt 0:08:56]} 28. Re3 {[%emt 0:01:32]} Ra5 {[%emt 0:01:41]} 29. Rb1 {[%emt 0:00:31]} b5 {[%emt 0:00:49]} 30. Rb4 {[%emt 0:01:05]} Ra4 {[%emt 0:00:35]} 31. Rxa4 {[%emt 0:01:14]} Rxa4 {[%emt 0:00:09]} ({Don't take} 31... bxa4 32. Kb2 $17) 32. Kb2 {[%emt 0:00:47]} e5 {[%emt 0:05:24]} 33. fxe5 {[%emt 0:02:57]} dxe5 {[%emt 0:00:04]} 34. a3 {[%emt 0:01:40]} g6 {[%emt 0:03:35]} 35. g5 $2 {[%emt 0:01:49]} (35. Kb3 {might work better.}) 35... gxh5 $4 {[%emt 0:01:49]} (35... hxg5 $19 {and life is good for Black.} 36. hxg6 fxg6) 36. gxh6 {[%emt 0:00:04]} Rc4 {[%emt 0:01:45]} 37. Rh3 {[%emt 0:01:32]} Rc8 {[%emt 0:00:11]} 38. Rxh5 {[%emt 0:00:10]} f6 $2 {[%emt 0:00:39]} (38... Kf6 $16 39. Kb3 Kg6 40. Rxe5 Kxh6) 39. Kb3 {[%emt 0:02:55]} Kf7 {[%emt 0:00:49]} 40. a4 {[%emt 0:02:00]} (40. h7 $142 Rh8 41. Rh1) 40... Kg6 {[%emt 0:31:56]} 41. Rh3 {[%emt 0:31:16]} bxa4+ {[%emt 0:04:48]} 42. Kxa4 {[%emt 0:00:03]} Kh7 {[%emt 0:00:11]} 43. Kb4 {[%emt 0:01:59]} Rb8+ {[%emt 0:02:52]} 44. Ka5 {[%emt 0:02:01]} Rb2 {[%emt 0:00:20]} 45. Kxa6 {[%emt 0:00:10]} Rxc2 {[%emt 0:00:06]} 46. Kb5 {[%emt 0:01:07]} Re2 {[%emt 0:00:58]} 47. Rh4 {[%emt 0:00:53]} Rf2 {[%emt 0:00:00]} 48. Kc5 $2 {[%emt 0:00:00]} ({White must play} 48. c4 $18 Rf4 49. Rh1) 48... Rf4 {[%emt 0:00:00]} 49. Rxf4 {[%emt 0:00:00]} exf4 {[%emt 0:00:00]} 50. Kd4 {[%emt 0:00:00]} Kxh6 {[%emt 0:00:00]} 51. c4 {[%emt 0:00:00]} Kg7 {[%emt 0:00:00]} 52. Kd3 {[%emt 0:00:00]} Kf7 $1 {[%emt 0:00:00]} 53. Ke2 {[%emt 0:00:00]} Ke6 {[%emt 0:00:00]} 54. Kf3 {[%emt 0:00:00]} f5 {[%emt 0:00:00]} 55. Kxf4 {[%emt 0:00:00]} fxe4 {[%emt 0:00:00]} 56. Kxe4 {[%emt 0:00:00]} Kd6 {[%emt 0:00:00]} 57. Kd4 {[%emt 0:00:00]} Kc6 {[%emt 0:00:00]} 58. c5 {[%emt 0:00:00]} Kc7 {[%emt 0:00:00]} 59. Kd5 {[%emt 0:00:00]} Kd7 {[%emt 0:00:00]} 60. c6+ {[%emt 0:00:00]} Kc7 {[%emt 0:00:00]} 61. Kc5 $1 {[%emt 0:00:00]} Kc8 $11 {[%emt 0:00:00]} 1/2-1/2

[Event "9. Korbacher Open 2017"]
[Site "Korbach"]
[Date "2017.10.20"]
[Round "2"]
[White "Simukov, Erik"]
[Black "Lehmann, Tim"]
[Result "1/2-1/2"]
[WhiteElo "1621"]
[BlackElo "1865"]
[Annotator "NA RC"]
[PlyCount "75"]
[EventDate "2017.??.??"]
[EventType "swiss"]
[EventCountry "GER"]
[SourceTitle "playchess.com"]
[Source "ChessBase"]
[SourceQuality "1"]
[TimeControl "40/5400+30:1800+30"]

{[%evp 8,75,26,18,25,6,14,8,30,34,55,42,49,24,20,-47,-27,-28,-41,-43,129,32767,172,77,67,53,77,81,71,56,87,62,81,61,89,84,107,122,133,54,125,117,144,134,204,81,96,74,56,0,121,104,123,45,60,51,100,109,98,53,55,52,119,109,148,126,220,46,58,0]} 1. e4 {[%emt 0:00:00]} c5 {[%emt 0:00:09]} 2. Nf3 {[%emt 0:00:00]} d6 {[%emt 0:00:04]} 3. d4 {[%emt 0:00:14]} cxd4 {[%emt 0:00:06]} 4. Nxd4 {[%emt 0:00:08]} Nf6 {[%emt 0:00:05]} 5. Nc3 {[%emt 0:00:08]} a6 {[%emt 0:00:02]} 6. Be2 {[%emt 0:00:37]} e5 {[%emt 0:00:27]} 7. Nb3 {[%emt 0:00:15]} Be6 {[%emt 0:00:43]} 8. f4 {[%emt 0:09:01]} exf4 {[%emt 0:01:09] B92: Sicilian Najdorf: 6 Be2} (8... Be7 9. O-O O-O 10. Bf3 exf4 11. Bxf4 Nc6 12. Nd5 Bxd5 13. exd5 Ne5 14. Bxe5 dxe5 15. c4 a5 16. Kh1 Rc8 17. Rc1 {0-1 (44) Saveliev,A (2396)-Kokarev,D (2617) St Petersburg 2017}) 9. Bxf4 {[%emt 0:01:08]} Nc6 {[%emt 0:01:13]} 10. O-O {[%emt 0:03:28] LiveBook: 14 Games} Be7 {[%emt 0:06:42]} 11. Nd5 {[%emt 0:22:00]} ({Better is} 11. Qe1 $11) 11... Nxe4 {[%emt 0:14:56]} 12. Nxe7 Qxe7 $146 {[%emt 0:00:19]} ({But not} 12... Kxe7 13. Bf3 $14) ({Predecessor:} 12... Qb6+ 13. Kh1 Nxe7 14. Qd4 Qxd4 15. Nxd4 O-O 16. Bf3 d5 17. Rae1 Nf5 18. Nxf5 Bxf5 {0-1 (66) Szamoskozi,G (2335)-Lorand,N (2348) Hungary 2014}) 13. Bf3 {[%emt 0:07:03]} Bxb3 $2 {[%emt 0:18:41]} (13... d5 $15) 14. axb3 {[%emt 0:03:45]} O-O-O {[%emt 0:13:07] [#]} 15. Re1 {[%emt 0:06:48]} (15. b4 $1 $18 {[%mdl 512] is the precise move to win.}) 15... f5 {[%emt 0:01:33]} 16. Qd5 {[%emt 0:01:19]} Qd7 {[%emt 0:10:12]} 17. Bxe4 {[%emt 0:01:41]} fxe4 {[%emt 0:00:13]} 18. Rxe4 {[%emt 0:00:08]} Rhe8 {[%emt 0:01:37]} 19. Rae1 {[%emt 0:00:29]} Rxe4 {[%emt 0:00:27]} 20. Qxe4 {[%emt 0:03:34]} h6 {[%emt 0:00:30]} 21. h3 {[%emt 0:00:53]} Kc7 {[%emt 0:01:59]} 22. c4 {[%emt 0:01:27]} b6 {[%emt 0:01:11]} 23. Qe3 {[%emt 0:06:52]} (23. Bg3 $16) 23... Kb7 {[%emt 0:00:16]} (23... Qf5 $1 $14) 24. Rd1 {[%emt 0:00:46]} g5 {[%emt 0:03:03]} 25. Bxd6 {[%emt 0:05:08]} Re8 {[%emt 0:01:08]} (25... Qe8 $16 26. Qf3 Qe6) 26. Qd2 {[%emt 0:00:44]} (26. Qd3 $18 {und Weiss behält klar die Oberhand.}) 26... Qe6 $1 {[%emt 0:00:39]} 27. Bg3 {[%emt 0:04:26]} Rd8 {[%emt 0:02:48]} 28. Bd6 {[%emt 0:04:39]} (28. Qc1 $14) 28... Re8 {[%emt 0:00:22]} 29. Kh1 {[%emt 0:04:59]} g4 {[%emt 0:05:45] [#]} 30. hxg4 {[%emt 0:05:24]} (30. h4 $1 $16) 30... Qxg4 {[%emt 0:00:22]} 31. Rf1 {[%emt 0:00:16]} Qh5+ {[%emt 0:00:58]} 32. Kg1 {[%emt 0:02:31]} Rd8 {[%emt 0:03:08]} 33. Qf4 {[%emt 0:01:31]} ({White should try} 33. Rd1 $16) 33... Rd7 {[%emt 0:00:57]} 34. b4 {[%emt 0:01:59]} b5 {[%emt 0:01:33]} (34... Qe2 $14) 35. c5 {[%emt 0:00:35]} Qd5 {[%emt 0:01:40]} 36. Qg4 {[%emt 0:01:43]} Rf7 {[%emt 0:02:03]} (36... Qd4+ $16 37. Qxd4 Nxd4) 37. Rd1 $2 {[%emt 0:01:33]} (37. Rxf7+ $18 Qxf7 38. Qe4) 37... Qf5 {[%emt 0:01:27]} 38. Qh4 $11 {[%emt 0:00:32]} 1/2-1/2

[Event "9. Korbacher Open 2017"]
[Site "Korbach"]
[Date "2017.10.20"]
[Round "2"]
[White "Hildebrand, Georg"]
[Black "Flach, Helene"]
[Result "1-0"]
[WhiteElo "1477"]
[BlackElo "1862"]
[Annotator "NA RC"]
[PlyCount "61"]
[EventDate "2017.??.??"]
[EventType "swiss"]
[EventCountry "GER"]
[SourceTitle "playchess.com"]
[Source "ChessBase"]
[SourceQuality "1"]
[TimeControl "40/5400+30:1800+30"]

{[%evp 8,60,-42,-95,-88,-165,-148,-156,-141,-141,-133,-128,-131,-130,-135,-131,-113,-124,-36,-41,32767,32767,32767,32767,32767,439,399,449,703,360,425,427,719,530,29989,29990,29990,29991,29991,473,29992,473,29993,29994,29994,29993,29994,29994,29996,29997,29997,564,29998,29999,29999]} 1. c4 {[%emt 0:18:03]} e6 {[%emt 0:00:10]} 2. d4 {[%emt 0:03:58]} d5 {[%emt 0:00:08]} 3. Nf3 {[%emt 0:03:37]} Be7 {[%emt 0:00:54]} 4. c5 {[%emt 0:03:40]} b6 {[%emt 0:06:58]} 5. b4 {[%emt 0:00:52] [#]} a5 $1 {[%emt 0:05:01]} 6. Bd2 {[%emt 0:09:22]} (6. cxb6 $17 Bxb4+ 7. Bd2) 6... axb4 {[%emt 0:03:58]} 7. Bxb4 {[%emt 0:01:04]} Nc6 {[%emt 0:01:44]} 8. Ba3 {[%emt 0:01:18]} bxc5 {[%emt 0:02:56]} 9. Bxc5 {[%emt 0:04:19]} Bxc5 {[%emt 0:03:24]} 10. dxc5 {[%emt 0:00:08]} Qf6 {[%emt 0:05:29]} 11. Nbd2 {[%emt 0:02:02]} Qb2 {[%emt 0:01:32]} 12. e3 {[%emt 0:02:21]} Nb4 {[%emt 0:03:12]} (12... Rxa2 $17 13. Rxa2 Qxa2) 13. Bb5+ {[%emt 0:01:35]} Bd7 {[%emt 0:04:08]} 14. Bxd7+ {[%emt 0:00:55]} Kxd7 {[%emt 0:00:07]} 15. O-O {[%emt 0:00:33]} Rxa2 {[%emt 0:06:08]} 16. Rxa2 {[%emt 0:05:49]} Qxa2 {[%emt 0:04:18]} 17. Ne5+ {[%emt 0:08:00]} Ke8 {[%emt 0:12:13]} (17... Ke7 $142 18. Qh5 Nh6 19. Qg5+ Ke8 20. Qxg7 Rf8 21. Qxh6 Qxd2) 18. Qe2 {[%emt 0:08:24]} Qa4 {[%emt 0:03:57]} 19. Qg4 {[%emt 0:04:41]} g6 $2 {[%emt 0:07:05]} (19... Kf8 20. Rb1 g6) 20. Rb1 {[%emt 0:05:21]} f6 {[%emt 0:07:34]} 21. Qxe6+ {[%emt 0:01:40]} Ne7 {[%emt 0:00:17] [#]} 22. Rxb4 $1 {[%emt 0:05:03]} Qxb4 {[%emt 0:02:21]} 23. Qd7+ {[%emt 0:00:31]} Kf8 {[%emt 0:00:10]} 24. Qd8+ {[%emt 0:00:37]} Kg7 {[%emt 0:00:17]} 25. Qxe7+ {[%emt 0:00:35]} Kh6 {[%emt 0:00:14]} 26. Nf7+ {[%emt 0:01:52]} Kh5 {[%emt 0:00:51]} 27. Nf1 {[%emt 0:00:27]} Rg8 {[%emt 0:07:30]} 28. Ng3+ {[%emt 0:00:20]} Kg4 {[%emt 0:00:16]} 29. h3+ {[%emt 0:00:36]} Kh4 {[%emt 0:00:13]} 30. Qxf6+ {[%emt 0:00:12]} g5 {[%emt 0:00:12]} 31. Qh6# {[%emt 0:00:48]} 1-0

[Event "9. Korbacher Open 2017"]
[Site "Korbach"]
[Date "2017.10.20"]
[Round "3"]
[White "Spitzl, Vinzent"]
[Black "Van Randtwijk, Mick"]
[Result "0-1"]
[WhiteElo "2300"]
[BlackElo "2028"]
[Annotator "TA"]
[PlyCount "200"]
[EventDate "2017.??.??"]
[EventType "swiss"]
[EventCountry "GER"]
[SourceTitle "playchess.com"]
[Source "ChessBase"]
[SourceQuality "1"]

{[%evp 16,200,27,24,55,36,35,27,52,27,30,3,8,0,5,8,36,8,15,4,49,0,0,0,22,9,55,0,0,0,27,0,0,0,0,0,0,0,138,108,360,386,401,394,392,381,354,368,368,346,407,392,371,98,101,76,162,51,63,51,83,71,84,-16,-15,-11,-16,-193,-182,-188,-205,-181,-186,-187,-171,-266,-246,-268,-260,-324,-212,-413,-413,-413,-413,-413,-413,-12850,-29939,-29936,-29941,-29938,-29937,-29951,-29952,-29947,274,-12841,-12847,-12837,-12842,-12835,-12812,-29937,-12517,-12525,-12551,-11979,-10454,-5727,-5413,-4809,-4809,-29959,-1456,-29965,-29966,-29966,-29967,-29969,-29969,-29968,-29970,-29970,-29970,-29969,-29970,-29972,-29972,-29972,-29972,-29972,-29973,-29972,-29973,-29973,-29975,-29975,-29976,-29976,-29978,-29978,-29979,-29979,-29980,-29980,-29981,-29981,-29980,-29982,-29955,-29983,-29984,-29984,-29985,-29985,-29986,-29986,-29987,-29987,-29988,-29988,-29989,-29989,-29989,-29989,-29989,-29990,-29990,-29991,-29992,-29992,-29992,-29993,-29994,-29994,-29995,-29995,-29995,-29995,-29996,-29996,-29995,-29997,-29998,-29998,-29999]} 1. b3 Nf6 2. Bb2 e6 3. e3 b6 4. c4 Bb7 5. Nf3 Be7 6. Be2 O-O 7. O-O c5 8. d4 d6 9. Nc3 {LiveBook: 54 Partien} Nfd7 $146 {A30: Englische Eröffnung (Symmetrische Variante)} ({Vorgänger:} 9... cxd4 10. Nxd4 a6 11. Bf3 Ra7 12. Rc1 Qd7 13. a3 h6 14. h3 Rc8 15. Re1 Bxf3 16. Qxf3 Qb7 17. e4 Nbd7 {1-0 (60) Deepan Chakkravarthy,J (2485)-Kunin,V (2576) Basel 2017}) 10. e4 cxd4 11. Nxd4 a6 {Weiß hat minimalen Vorteil.} 12. f4 Nc6 13. Nxc6 Bxc6 14. a4 Nc5 15. Qc2 a5 16. Rad1 Qb8 17. Bf3 Rd8 18. Ne2 {[%cal Bc3e2,Be2g3,Bg3h5][%mdl 32]} Qb7 {[%cal Rc6e4]} 19. Ng3 Bf8 20. f5 e5 21. Rde1 (21. f6 $1 $14) 21... Be7 $11 22. Nh5 Nd7 23. g4 Bh4 24. Re2 Rac8 25. Bc1 g6 26. Ng3 $1 Bxg3 (26... b5 $11) 27. hxg3 $16 b5 $2 {[%mdl 8192]} (27... Kh8 $16) 28. axb5 $18 Bxb5 29. Qd2 Bc6 30. Qh6 {Schwarz muss nun Th2 beachten.} f6 31. g5 {[%cal Bg4g5,Bg5f6][%mdl 32]} (31. fxg6 Nf8 $18) 31... Nf8 32. gxf6 {Droht stark fxg6.} Rc7 33. fxg6 hxg6 34. Rh2 $2 (34. Bg4 $18 {ist viel giftiger.}) 34... Rh7 $16 35. Qg5 Rxh2 {[#]} (35... Rdd7 $16 {ist eine bessere Verteidigung.}) 36. Kxh2 ({Weiss braucht} 36. f7+ $1 $18 {[%mdl 512]} Qxf7 37. Qxd8 (37. Kxh2 Ne6 $14)) 36... Rd7 $1 $14 37. Qe3 {Droht La3 und aus.} Rh7+ 38. Kg2 {Und La3 würde nun gewinnen.} Ne6 {[#]} 39. Rh1 (39. Ba3 $1 $16) 39... Rxh1 $1 $11 40. Kxh1 Nd4 41. Bg2 $2 (41. Qh6 $1 $11 {und Weiss muss sich keine Sorgen machen.} Bxe4 42. f7+ Kxf7 43. Qh7+ Ke6 44. Qg8+ Kd7 45. Qg7+ Kc8 46. Qf8+ Kc7 47. Qe7+ Kb6 48. Qd8+ (48. Qxd6+ $2 Qc6 $19) 48... Qc7 49. Qxc7+ Kxc7 50. Bxe4) 41... Qxb3 $19 42. Qh6 {[%csl Gf6][%cal Rh6g7]} Qd1+ 43. Kh2 {[%csl Gf6][%cal Rh6g7]} Qh5+ 44. Qxh5 gxh5 {[%mdl 4096] Endspiel KLL-KLS} 45. Ba3 (45. Kh3 {ist wohl besser.}) 45... Kf7 46. Bxd6 Kxf6 47. Kh3 a4 48. Kh4 $2 (48. Bb4 {war erzwungen.}) 48... Nc2 49. Kxh5 a3 50. Bxa3 Nxa3 51. g4 (51. c5 $142 Nc2 52. Kh6) 51... Nxc4 52. Kh6 Nd6 53. g5+ Ke7 54. g6 Bxe4 55. g7 Nf7+ (55... Kf7 $142 56. Bf1 Kg8 57. Kh5 Kxg7 58. Kg5 Nf7+ 59. Kg4 Kf6 60. Bc4 Nh6+ 61. Kg3 Kg5 62. Kh2 Kf4 63. Bb5 Bb1 64. Kg1 e4 65. Bc6 Bd3 66. Kf2 e3+ 67. Ke1 Nf5 68. Kd1 Nd4 69. Bg2 e2+ 70. Kd2 Nc2 71. Kxd3 e1=Q 72. Kxc2 Qe2+ 73. Kb3 Qxg2 74. Kc3 Qc6+ 75. Kb3 Ke4 76. Ka3 Kd3 77. Kb4 Qb6+ 78. Ka3 Kc3 79. Ka4 Qb4#) 56. Kh5 Bh7 57. Be4 Bg8 58. Kg6 Nd6 59. Bg2 Nc4 (59... e4 $142 60. Kg5 Ke6 61. Kf4 Kd5 62. Bh3 Kd4 63. Bg2 e3 64. Bf1 Ne8 65. Be2 Nxg7 66. Kf3 Bd5+ 67. Kf4 Bg8 68. Kf3 Bd5+ 69. Kg4 Kc3 70. Kh4 Nf5+ 71. Kg5 Kd2 72. Bf1 Be4 73. Kf4 Bd3 74. Bh3 e2 75. Bxf5 e1=Q 76. Bc8 Qe3+ 77. Kg4 Qc5 78. Bb7 Qb4+ 79. Kg5 Qxb7 80. Kf6 Qe4 81. Kf7 Qe5 82. Kf8 Qf6+ 83. Kg8 Qe7 84. Kh8 Qh7#) 60. Be4 Ne3 61. Bf3 Ke6 62. Be4 Nd5 63. Bf5+ Ke7 64. Bb1 Nf6 (64... Nc3 $142 65. Bc2 e4 66. Kh5 e3 67. Bd3 e2 68. Bxe2 Nxe2 69. Kg4 Kf7 70. Kf3 Nc3 71. Kf4 Nd5+ 72. Ke5 Kxg7 73. Kf5 Nb6 74. Ke5 Nc4+ 75. Kd4 Kf6 76. Ke4 Bf7 77. Kd4 Nd6 78. Kc3 Ke5 79. Kb2 Kd4 80. Kc2 Ne4 81. Kc1 Kc3 82. Kb1 Nd2+ 83. Ka1 Nf3 84. Kb1 Nd2+ 85. Kc1 Nb3+ 86. Kb1 Bg6+ 87. Ka2 Bf7 88. Ka3 Nd2 89. Ka4 Be8+ 90. Ka3 Nc4+ 91. Ka2 Bf7 92. Ka1 Na5 93. Kb1 Nb3 94. Ka2 Nd2+ 95. Ka3 Nc4+ 96. Ka2 Bg6 97. Ka1 Na5 98. Ka2 Bf7+ 99. Ka3 Nc4+ 100. Ka2 Nd2+ 101. Ka1 Bh5 102. Ka2 Bf7+) 65. Kf5 Bh7+ {Schwarz setzt Matt.} 66. Kxe5 Bxb1 67. g8=Q Nxg8 68. Kd5 Nf6+ 69. Ke5 Bc2 70. Kd4 Kd6 {[%cal Be7d6,Bd6e5,Be5e4,Be4d4,Bd4d3,Bd3c3][%mdl 32]} 71. Kc4 Bf5 72. Kd4 Be6 73. Kd3 Ke5 74. Kc3 Ke4 75. Kc2 Kd4 76. Kb2 Kd3 77. Kb1 Kc3 78. Ka1 Nd5 {[%cal Bf6d5,Bd5b4,Bb4c2,Bc2d4,Bd4e2][%mdl 32]} 79. Kb1 Nb4 80. Ka1 Nc2+ 81. Kb1 Bb3 82. Kc1 Ba2 83. Kd1 Nd4 84. Ke1 Kd3 85. Kf2 Ne2 86. Kg2 Be6 87. Kf3 Bf5 88. Kf2 Bg4 89. Ke1 Ke3 90. Kd1 Bf5 91. Ke1 Bc2 92. Kf1 Nf4 93. Ke1 Ng2+ 94. Kf1 Kf3 95. Kg1 Bd3 96. Kh2 Kf2 97. Kh3 Bf5+ 98. Kh2 Bg4 99. Kh1 Ne3 100. Kh2 Nf1+ {Precision: Weiß = 40%, Schwarz = 48%.} 0-1

[Event "9. Korbacher Open 2017"]
[Site "Korbach"]
[Date "2017.10.20"]
[Round "3"]
[White "Stork, Oliver"]
[Black "Li, Zhuoling"]
[Result "1-0"]
[WhiteElo "2176"]
[BlackElo "2007"]
[Annotator "TA"]
[PlyCount "79"]
[EventDate "2017.??.??"]
[EventType "swiss"]
[EventCountry "GER"]
[SourceTitle "playchess.com"]
[Source "ChessBase"]
[SourceQuality "1"]

{[%evp 19,79,14,21,-41,-37,-31,2,3,3,1,4,3,25,-30,-6,-5,10,-30,4,0,32,39,79,82,100,91,132,78,78,87,83,83,68,31,63,21,17,39,67,44,44,11,35,36,64,70,89,89,89,89,129,45,45,45,66,47,50,51,211,202,401,428]} 1. c4 Nf6 2. g3 c6 3. Bg2 d5 4. Nf3 g6 5. O-O Bg7 6. b3 Ne4 7. d4 O-O 8. Bb2 dxc4 {D78: Grünfeldindisch (Fianchetto 6.0-0 c6)} (8... Bf5 9. e3 Nd7 10. Qe2 a5 11. cxd5 cxd5 12. Nc3 Nxc3 13. Bxc3 Qb6 14. Rfc1 Rfc8 15. Ne1 e5 16. dxe5 Rxc3 17. Rxc3 Bxe5 {½-½ (65) Vidit,S (2692)-Svidler,P (2756) Khanty-Mansiysk 2017}) 9. bxc4 Qb6 10. Qb3 c5 {LiveBook: 36 Partien. Die Stellung ist ausgeglichen.} 11. Rd1 ({Lieber} 11. e3 $11) 11... Nc6 $15 {[%cal Rc5d4]} 12. Nbd2 Bf5 $146 {[%cal Rc6d4]} ({Vorgänger:} 12... Nxd2 13. Rxd2 cxd4 14. Nxd4 Nxd4 15. Qxb6 axb6 16. Bxd4 {½-½ (25) Jianu,V (2534)-Shishkin,V (2474) Baia Sprie 2011}) 13. Nh4 Nxd2 14. Rxd2 cxd4 15. Nxf5 gxf5 16. Ba3 ({Günstiger ist} 16. Qc2) 16... Rfe8 17. Rb1 Qa5 18. Bc1 Red8 19. Rd1 Rac8 20. Bd2 ({Falsch wäre} 20. Qxb7 $2 Rb8 $17) 20... Qc5 21. Qxb7 e6 22. Rdc1 Na5 23. Qb5 ({Besser ist} 23. Qa6 $1 {[%cal Ra6a5]} Nxc4 24. Bg5) 23... Qxb5 $16 24. cxb5 Nc4 25. Bb4 Nb6 26. Bc6 {zielt auf Le7 ab.} Bf6 27. Bb7 Rxc1+ 28. Rxc1 e5 29. Rc6 Kg7 30. f3 e4 31. fxe4 fxe4 32. Rd6 Rxd6 33. Bxd6 $14 {[%mdl 4096] Endspiel KLL-KLS} d3 34. exd3 exd3 {[#]} 35. Kf2 (35. Bc5 $1 $16) 35... Bd4+ 36. Ke1 Bc3+ 37. Kd1 Nc4 {( -> ...Se3+)} 38. Bf4 d2 $2 (38... f5 $14) 39. Bf3 $18 Na3 $2 {[#]} (39... Kf6 {war nötig.} 40. Be2 Nb2+ 41. Kc2 d1=Q+ 42. Bxd1 Nxd1 43. Kxd1 Bd4) 40. Be2 $1 {Precision: Weiß = 42%, Schwarz = 23%.} 1-0